LEADER 01118nam0-2200313 --450 001 9910479248703321 005 20210624132655.0 010 $a978-88-222-6682-8 100 $a20210624d2019----kmuy0itay5050 ba 101 0 $aita 102 $aIT 105 $aa 001yy 200 1 $a<>Accademia di San Luca nella Roma del secondo Seicento$eartisti, opere, strategie culturali$fStefania Ventra 210 $aFirenze$cOlschki$d2019 215 $aXLIV, 370 p.$cill.$d24 cm 225 1 $aQuaderni sull'età e la cultura del barocco$v2 300 $aIn testa al front.: Fondazione 1563 per l'arte e la cultura 320 $aContiene bibl. (pp. 331-358) 610 0 $aAccademia nazionale di San Luca$a1662-1702$aFonti archivistiche 676 $a706.045632$v23$zita 700 1$aVentra,$bStefania$0804941 712 02$aFondazione 1563 per l'arte e la cultura 801 0$aIT$bUNINA$gREICAT$2UNIMARC 901 $aBK 912 $a9910479248703321 952 $aCOLLEZ. 2917 (2)$b1716/2021$fFSPBC 959 $aFSPBC 996 $aAccademia di San Luca nella Roma del secondo Seicento$91807280 997 $aUNINA LEADER 02021nam 2200469 a 450 001 9910697091503321 005 20230902161557.0 035 $a(CKB)5470000002383983 035 $a(OCoLC)589008935 035 $a(EXLCZ)995470000002383983 100 $a20100331d2009 ua 0 101 0 $aeng 135 $aurmn||||||||| 181 $ctxt$2rdacontent 182 $cc$2rdamedia 183 $acr$2rdacarrier 200 10$aCombating nuclear smuggling$b[electronic resource] $erecent testing raises issues about the potential effectiveness of advanced radiation detection portal monitors : testimony before the Subcommittee on Investigations and Oversight, Committee on Science and Technology, House of Representatives /$fstatement of Gene Aloise 210 1$a[Washington, D.C.] :$cU.S. Govt. Accountability Office,$d[2009] 215 $a1 online resource (9 pages) 225 1 $aTestimony ;$vGAO-10-252T 300 $aTitle from PDF title screen (GAO, viewed Mar. 10, 2010). 300 $a"For release ... November 17, 2009." 320 $aIncludes bibliographical references. 410 0$aTestimony ;$vGAO-10-252T. 517 $aCombating nuclear smuggling 606 $aRadioactive substances$xDetection$xEquipment and supplies$xTesting 606 $aSmuggling$zUnited States$xPrevention 606 $aNuclear terrorism$zUnited States$xPrevention 606 $aRadiation warning systems 615 0$aRadioactive substances$xDetection$xEquipment and supplies$xTesting. 615 0$aSmuggling$xPrevention. 615 0$aNuclear terrorism$xPrevention. 615 0$aRadiation warning systems. 700 $aAloise$b Gene$01380623 712 02$aUnited States.$bCongress.$bHouse.$bCommittee on Science and Technology.$bSubcommittee on Investigations and Oversight. 712 02$aUnited States.$bGovernment Accountability Office. 801 0$bGPO 801 1$bGPO 906 $aBOOK 912 $a9910697091503321 996 $aCombating nuclear smuggling$93422508 997 $aUNINA LEADER 02717nam 22004693 450 001 9910163211203321 005 20250827080354.0 010 $a1-78289-852-2 035 $a(CKB)3710000001046210 035 $a(BIP)058039344 035 $a(VLeBooks)9781782898528 035 $a(Perlego)3020235 035 $a(MiAaPQ)EBC32209868 035 $a(Au-PeEL)EBL32209868 035 $a(Exl-AI)993710000001046210 035 $a(OCoLC)1534809773 035 $a(EXLCZ)993710000001046210 100 $a20250827d2013 uy 0 101 0 $aeng 135 $aurcnu|||||||| 181 $ctxt$2rdacontent 182 $cc$2rdamedia 183 $acr$2rdacarrier 200 10$aCommand of the Air 205 $a1st ed. 210 1$aWaipu :$cPickle Partners Publishing,$d2013. 210 4$d©2013. 215 $a1 online resource (327 p.) 330 8 $aIn the pantheon of air power spokesmen, Giulio Douhet holds center stage. His writings, more often cited than perhaps actually read, appear as excerpts and aphorisms in the writings of numerous other air power spokesmen, advocates-and critics. Though a highly controversial figure, the very controversy that surrounds him offers to us a testimonial of the value and depth of his work, and the need for airmen today to become familiar with his thought.The progressive development of air power to the point where, today, it is more correct to refer to aerospace power has not outdated the notions of Douhet in the slightest In fact, in many ways, the kinds of technological capabilities that we enjoy as a global air power provider attest to the breadth of his vision. Douhet, together with Hugh "Boom" Trenchard of Great Britain and William "Billy" Mitchell of the United States, is justly recognized as one of the three great spokesmen of the early air power era. This reprint is offered in the spirit of continuing the dialogue that Douhet himself so perceptively began with the first edition of this book, published in 1921. Readers may well find much that they disagree with in this book, but also much that is of enduring value. The vital necessity of Douhet's central vision-that command of the air is all important in modern warfare-has been proven throughout the history of wars in this century, from the fighting over the Somme to the air war over Kuwait and Iraq. 606 $aAir power$7Generated by AI 606 $aStrategy$7Generated by AI 615 0$aAir power 615 0$aStrategy 700 $aDouhet$b Giulio$0253612 701 $aFerrari$b Dino$0536585 801 0$bMiAaPQ 801 1$bMiAaPQ 801 2$bMiAaPQ 906 $aBOOK 912 $a9910163211203321 996 $aCommand of the Air$94425245 997 $aUNINA